[Event "Deutsche Ländermeisterschaft 2024"]
[Site "Tübingen GER"]
[Date "2024.10.03"]
[Round "1"]
[White "Farokhi, Keyvan"]
[Black "Fuhrmann, Bahne"]
[Result "1/2-1/2"]
[Termination "normal"]
[Board "3.2"]
[WhiteTitle "FM"]
[WhiteElo "2320"]
[BlackElo "2132"]
[WhiteClock "00:31:13"]
[BlackClock "00:24:38"]
[WhiteTeam "Schleswig-Holstein"]
[BlackTeam "Hamburg"]
[PlyCount "86"]
[WhiteFideId "12998630"]
[BlackFideId "16244842"]
[EventCountry "GER"]
[EventRounds "7"]
[EventType "team-swiss"]
[EventDate "2024.10.02"]

1. d4 {[%clk 01:30:53]} {[%emt 00:00:05]} Nf6 {[%clk 01:30:56]} {[%emt
00:00:05]} 2. c4 {[%clk 01:31:14]} {[%emt 00:00:09]} g6 {[%clk 01:31:21]}
{[%emt 00:00:05]} 3. h4 {[%clk 01:31:38]} {[%emt 00:00:07]} d5 {[%clk
01:28:02]} {[%emt 00:03:49]} 4. cxd5 {[%clk 01:31:08]} {[%emt 00:00:59]} c5
{[%clk 01:28:28]} {[%emt 00:00:05]} 5. dxc5 {[%clk 01:08:04]} {[%emt 00:23:33]}
Qxd5 {[%clk 01:24:26]} {[%emt 00:04:32]} 6. Qxd5 {[%clk 01:05:04]} {[%emt
00:03:30]} Nxd5 {[%clk 01:24:51]} {[%emt 00:00:06]} 7. a3 {[%clk 00:57:17]}
{[%emt 00:08:16]} Na6 {[%clk 01:17:12]} {[%emt 00:08:10]} 8. c6 {[%clk
00:53:35]} {[%emt 00:04:11]} Nc5 {[%clk 01:07:16]} {[%emt 00:10:26]} 9. Nd2
{[%clk 00:44:20]} {[%emt 00:09:45]} bxc6 {[%clk 01:02:33]} {[%emt 00:05:14]}
10. b4 {[%clk 00:32:36]} {[%emt 00:12:12]} Na4 {[%clk 00:55:05]} {[%emt
00:07:59]} 11. e4 {[%clk 00:32:31]} {[%emt 00:00:35]} Ndb6 {[%clk 00:50:58]}
{[%emt 00:04:38]} 12. Ra2 {[%clk 00:28:52]} {[%emt 00:04:08]} Bg7 {[%clk
00:49:34]} {[%emt 00:01:54]} 13. Rc2 {[%clk 00:28:50]} {[%emt 00:00:32]} O-O
{[%clk 00:48:08]} {[%emt 00:01:56]} 14. Ngf3 {[%clk 00:28:06]} {[%emt
00:01:14]} Bg4 {[%clk 00:45:27]} {[%emt 00:03:10]} 15. Ba6 {[%clk 00:26:58]}
{[%emt 00:01:37]} Bc8 {[%clk 00:38:35]} {[%emt 00:07:24]} 16. Bxc8 {[%clk
00:24:34]} {[%emt 00:02:52]} Raxc8 {[%clk 00:36:16]} {[%emt 00:02:51]} 17. Nb3
{[%clk 00:23:35]} {[%emt 00:01:28]} Rfd8 {[%clk 00:30:05]} {[%emt 00:06:42]}
18. Rh3 {[%clk 00:23:27]} {[%emt 00:00:38]} Rd3 {[%clk 00:28:44]} {[%emt
00:01:51]} 19. Ng1 {[%clk 00:22:42]} {[%emt 00:01:13]} Rcd8 {[%clk 00:24:31]}
{[%emt 00:04:45]} 20. Rxd3 {[%clk 00:22:41]} {[%emt 00:00:31]} Rxd3 {[%clk
00:24:08]} {[%emt 00:00:53]} 21. Na5 {[%clk 00:14:31]} {[%emt 00:08:40]} Nc3
{[%clk 00:16:08]} {[%emt 00:08:30]} 22. Rd2 {[%clk 00:14:40]} {[%emt 00:00:21]}
Rxd2 {[%clk 00:16:33]} {[%emt 00:00:05]} 23. Bxd2 {[%clk 00:15:07]} {[%emt
00:00:03]} Nxe4 {[%clk 00:16:01]} {[%emt 00:01:03]} 24. Nxc6 {[%clk 00:15:29]}
{[%emt 00:00:08]} Nxd2 {[%clk 00:11:18]} {[%emt 00:05:12]} 25. Kxd2 {[%clk
00:15:49]} {[%emt 00:00:10]} Nc4+ {[%clk 00:11:44]} {[%emt 00:00:04]} 26. Kd3
{[%clk 00:14:59]} Nxa3 {[%clk 00:11:16]} {[%emt 00:02:19]} 27. Nxa7 {[%clk
00:15:04]} Kf8 {[%clk 00:11:42]} {[%emt 00:00:28]} 28. b5 {[%clk 00:12:38]} Ke8
{[%clk 00:08:58]} {[%emt 00:06:10]} 29. b6 {[%clk 00:12:16]} Kd7 {[%clk
00:08:59]} {[%emt 00:01:22]} 30. Nf3 {[%clk 00:12:23]} e5 {[%clk 00:09:08]}
{[%emt 00:00:43]} 31. Ng5 {[%clk 00:08:48]} f5 {[%clk 00:07:17]} {[%emt
00:06:26]} 32. f3 {[%clk 00:08:00]} h6 {[%clk 00:01:17]} {[%emt 00:07:48]} 33.
Nf7 {[%clk 00:07:26]} e4+ {[%clk 00:01:43]} {[%emt 00:01:08]} 34. fxe4 {[%clk
00:07:52]} fxe4+ {[%clk 00:01:43]} 35. Kxe4 {[%clk 00:08:16]} {[%emt 00:00:13]}
Nc4 {[%clk 00:01:53]} {[%emt 00:00:48]} 36. b7 {[%clk 00:07:17]} {[%emt
00:01:29]} Kc7 {[%clk 00:02:10]} {[%emt 00:00:13]} 37. Nc6 {[%clk 00:06:32]}
{[%emt 00:01:14]} Kxb7 {[%clk 00:02:16]} {[%emt 00:00:25]} 38. Ne7 {[%clk
00:06:53]} {[%emt 00:00:08]} Kc7 {[%clk 00:01:37]} {[%emt 00:01:10]} 39. Nxg6
{[%clk 00:06:43]} {[%emt 00:00:39]} Kd7 {[%clk 00:01:54]} {[%emt 00:00:14]} 40.
g4 {[%clk 00:03:17]} {[%emt 00:03:55]} Ke6 {[%clk 00:01:14]} {[%emt 00:01:10]}
41. Nd8+ {[%clk 00:03:36]} {[%emt 00:00:10]} Kf6 {[%clk 00:28:32]} {[%emt
00:03:13]} 42. Nf4 {[%clk 00:33:21]} {[%emt 00:00:44]} Ke7 {[%clk 00:24:46]}
{[%emt 00:04:17]} 43. Nc6+ {[%clk 00:31:13]} {[%emt 00:02:38]} Kf7 {[%clk
00:24:38]} {[%emt 00:00:38]} 44. Nb4 {[%clk 00:20:31]} {[%emt 00:11:12]} Nd6+
{[%clk 00:23:08]} {[%emt 00:02:00]} 45. Kf3 {[%clk 00:20:46]} Bf6 {[%clk
00:15:56]} {[%emt 00:07:52]} 46. Nxf6 {[%clk 00:18:58]} Kxf6 {[%clk 00:09:39]}
{[%emt 00:06:38]} 47. Nh5+ {[%clk 00:17:54]} Kf7 {[%clk 00:07:31]} {[%emt
00:03:48]} 48. Kf4 {[%clk 00:19:56]} Kg6 {[%clk 00:07:11]} {[%emt 00:00:36]}
49. Ke5 {[%clk 00:18:33]} Nf7+ {[%clk 00:06:50]} {[%emt 00:00:21]} 50. Ke6
{[%clk 00:17:39]} Nd8+ {[%clk 00:04:36]} {[%emt 00:02:08]} 51. Kd7 {[%clk
00:17:32]} Nf7 {[%clk 00:04:12]} {[%emt 00:00:28]} 52. Ke8 {[%clk 00:17:24]}
Nd6+ {[%clk 00:03:51]} {[%emt 00:00:20]} 53. Kf8 {[%clk 00:17:17]} Nf5 {[%clk
00:02:55]} {[%emt 00:01:23]} 54. gxf5+ {[%clk 00:16:56]} Kxh5 {[%clk 00:02:03]}
{[%emt 00:00:20]} 55. Ke7 {[%clk 00:16:33]} Kg4 {[%clk 00:01:35]} {[%emt
00:00:00]} 56. f6 {[%clk 00:16:09]} Kf3 {[%clk 00:00:00]} {[%emt 00:01:02]} 57.
f7 {[%clk 00:16:02]} Kf4 {[%clk 00:00:00]} {[%emt 00:00:00]} 58. f8=Q+ {[%clk
00:15:49]} Kg4 {[%clk 00:00:00]} {[%emt 00:00:00]} 59. Qg7+ {[%clk 00:15:34]}
Kh4 {[%clk 00:00:00]} {[%emt 00:00:00]} 60. Kf6 {[%clk 00:15:21]} Kh3 {[%clk
00:00:00]} {[%emt 00:00:00]} 61. Kf5 {[%clk 00:15:12]} Kh4 {[%clk 00:00:00]}
{[%emt 00:00:00]} 62. Qg4# {[%clk 00:15:04]} {[%emt 00:00:00]} 1-0

[Event "Deutsche Ländermeisterschaft 2024"]
[Site "Tübingen GER"]
[Date "2024.10.03"]
[Round "1"]
[White "Andersen, Jonathan"]
[Black "Aguike, Toshiya"]
[Result "1-0"]
[Termination "normal"]
[Board "3.7"]
[WhiteElo "1676"]
[BlackElo "1719"]
[WhiteClock "01:33:09"]
[BlackClock "01:32:13"]
[WhiteTeam "Hamburg"]
[BlackTeam "Schleswig-Holstein"]
[PlyCount "16"]
[WhiteFideId "34623884"]
[BlackFideId "34611347"]
[EventCountry "GER"]
[EventRounds "7"]
[EventType "team-swiss"]
[EventDate "2024.10.02"]

1. e4 {[%clk 01:30:57]} {[%emt 00:00:02]} e5 {[%clk 01:30:50]} {[%emt
00:00:12]} 2. Nf3 {[%clk 01:31:21]} {[%emt 00:00:05]} Nc6 {[%clk 01:31:16]}
{[%emt 00:00:04]} 3. d4 {[%clk 01:31:46]} {[%emt 00:00:04]} exd4 {[%clk
01:31:37]} {[%emt 00:00:09]} 4. Nxd4 {[%clk 01:32:08]} {[%emt 00:00:08]} Bc5
{[%clk 01:32:01]} {[%emt 00:00:06]} 5. Be3 {[%clk 01:32:33]} {[%emt 00:00:06]}
Qf6 {[%clk 01:32:08]} {[%emt 00:00:23]} 6. c3 {[%clk 01:32:53]} {[%emt
00:00:09]} d6 {[%clk 01:32:13]} {[%emt 00:00:25]} 7. Qd2 {[%clk 01:33:09]}
{[%emt 00:00:14]} Nge7 {[%clk 01:31:57]} {[%emt 00:00:47]} 8. Nb5 {[%clk
01:32:53]} {[%emt 00:00:46]} Bxe3 {[%clk 01:31:46]} {[%emt 00:00:41]} 9. Qxe3
{[%clk 01:33:06]} {[%emt 00:00:17]} Kd8 {[%clk 01:31:54]} {[%emt 00:00:22]} 10.
Nd2 {[%clk 01:33:13]} {[%emt 00:00:22]} Re8 {[%clk 01:30:03]} {[%emt 00:02:22]}
11. O-O-O {[%clk 01:32:00]} {[%emt 00:01:42]} a6 {[%clk 01:28:44]} {[%emt
00:01:50]} 12. Nxd6 {[%clk 01:21:20]} {[%emt 00:11:10]} cxd6 {[%clk 01:24:59]}
{[%emt 00:04:15]} 13. Qb6+ {[%clk 01:16 53]} {[%emt 00:04:57]} Kd7 {[%clk
01:24:44]} {[%emt 00:00:45]} 14. Nc4 {[%clk 01:17:02]} {[%emt 00:00:20]} Qg5+
{[%clk 01:25:10]} {[%emt 00:00:04]} 15. Kb1 {[%clk 01:14:50]} {[%emt 00:02:42]}
Rd8 {[%clk 01:21:38]} {[%emt 00:04:03]} 16. Nxd6 {[%clk 01:07:55]} {[%emt
00:07:24]} Ke6 {[%clk 01:11:52]} {[%emt 00:10:15]} 17. Qb3+ {[%clk 01:07:11]}
{[%emt 00:01:14]} Nd5 {[%clk 01:06:31]} {[%emt 00:05:51]} 18. Rxd5 {[%clk
01:06:40]} {[%emt 00:01:01]} Qg6 {[%clk 01:06:11]} {[%emt 00:00:51]} 19. Rg5+
{[%emt 00:00:44]} Kxd6 {[%clk 01:06:20]} {[%emt 00:00:05]} 20. Rxg6+ {[%clk
01:07:04]} {[%emt 00:00:07]} fxg6 {[%clk 01:06:47]} {[%emt 00:00:03]} 21. Bc4
{[%clk 01:06:38]} {[%emt 00:00:56]} Kc7 {[%clk 01:07:03]} {[%emt 00:00:15]} 22.
Bd5 {[%clk 01:06:58]} {[%emt 00:00:10]} h6 {[%clk 01:06:25]} {[%emt 00:01:07]}
23. c4 {[%clk 01:06:59]} {[%emt 00:00:29]} Bd7 {[%clk 01:04:22]} {[%emt
00:02:33]} 24. Qg3+ {[%clk 01:07:16]} {[%emt 00:00:13]} Kb6 {[%clk 01:02:37]}
25. Qxg6 {[%emt 00:02:25]} Rf8 26. f3 {[%clk 01:07:35]} Rad8 {[% lk 01:01:43]}
27. Qxg7 {[%emt 00:05:55]} h5 28. Rd1 Bc8 29. a3 {[%clk 01:07:42]} a5 {[%emt
00:02:39]} 30. Kc2 Nb8 {[%clk 00:58:35]} {[%emt 00:00:59]} 31. Qd4+ {[%clk
01:07:41]} {[%emt 00:00:24]} Ka6 {[%clk 00:58:45]} {[%emt 00:00:20]} 32. Qc5
{[%clk 01:07:33]} {[%emt 00:00:38]} Bd7 {[%clk 00:56:35]} {[%emt 00:02:40]} 33.
Qd6+ {[%clk 01:07:04]} {[%emt 00:00:59]} Bc6 {[%clk 00:56:51]} {[%emt
00:00:14]} 34. Qh6 {[%clk 01:06:31]} {[%emt 00:01:02]} Rh8 {[%clk 00:57:10]}
{[%emt 00:00:12]} 35. Qe3 {[%clk 01:06:46]} {[%emt 00:00:14]} Bd7 {[%clk
00:57:10]} {[%emt 00:00:30]} 36. c5 {[%clk 01:06:20]} {[%emt 00:00:58]} Bb5
{[%clk 00:57:07]} {[%emt 00:00:33]} 37. Qb3 {[%clk 01:06:15]} {[%emt 00:00:35]}
Nc6 {[%clk 00:56:41]} {[%emt 00:00:56]} 38. Bxc6 {[%clk 01:06:21]} {[%emt
00:00:23]} bxc6 {[%clk 00:56:43]} {[%emt 00:00:29]} 39. a4 {[%clk 01:06:39]}
{[%emt 00:00:12]} Rxd1 {[%clk 00:49:31]} {[%emt 00:07:42]} 40. axb5+ {[%clk
01:07:02]} {[%emt 00:00:06]} cxb5 {[%clk 00:49:53]} {[%emt 00:00:09]} 41. Qe6+
{[%clk 01:07:20]}  [%emt 00:00:12]} Kb7 {[%clk 00:49:55]} 42. Qb6+ {[%clk
01:07:36]} {[%emt 00:00:41]} Kc8 {[%clk 00:49:39]} {[%emt 00:00:47]} 43. Kxd1
{[%clk 01:07:59]} {[%emt 00:00:06]} Rd8+ {[%clk 00:50:03]} {[%emt 00:00:06]}
44. Qxd8+ {[%clk 01:08:18]} {[%emt 00:00:12]} Kxd8 {[%clk 00:50:30]} {[%emt
00:00:03]} 45. g4 {[%clk 01:08:39]} {[%emt 00:00:08]} h4 {[%emt 00:00:06]} 46.
g5 {[%clk 01:09:03]} {[%em 00:00:05]} b4 {[%clk 00:51:21]} {[%emt 00:00:05]}
47. g6 {[%clk 01:09:29]} {[%emt 00:00:04]} Ke7 {[%clk 00:51:47]} {[%emt
00:00:04]} 48. c6 {[%clk 01:09:53]} {[%emt 00:00:05]} a4 {[%clk 00:52:14]}
{[%emt 00:00:03]} 49. c7 {[%clk 01:10:18]} {[%emt 00:00:05]} Kd7 {[%clk
00:52:39]} {[%emt 00:00:05]} 50. g7  [%clk 01:10:44]} {[%emt 00:00:04]} a3
{[%clk 00:53:02]} {[%emt 00:00:08]} 51. bxa3 {[%clk 01:11:10]} {[%emt
00:00:04]} bxa3 {[%clk 00:53:27]} {[%emt 00:00:05]} 52. g8=Q {[%clk
01:11:29]}{[%emt 00:00:09]} Kxc7 {[%clk 00:53:50]} {[%emt 00:00:08]} 53. f4
{[%clk 01:11:49]} {[%emt 00:00:10]} h3 {[%clk 00:54:11]} {[%emt 00:00:10]} 54.
f5 {[%clk 01:12:10]} {[%emt 00:00:09]} a2 {[%clk 00:54:37]} {[%emt 00:00:04]}
55. Qxa2 {[%clk 01:12:35]} {[%emt 00:00:05]} Kd7 {[%clk 00:55:05]} {[%emt
00:00:01]} 56. Qe6+ {[%clk 01:12:55]} {[%emt 00:00:10]} Kc7 {[%clk 00:55:28]}
{[%emt 00:00:08]} 57. f6 {[%clk 01:13:22]} {[%emt 00:00:04]} Kb7 {[%clk
00:55:38]} 58. f7 {[%clk 01:13:47]} {[%emt 00:00:23]} Kc7 {[%clk 00:56:01]}
{[%emt 00:00:07]} 59. f8=Q {[%emt 00:00:06]} Kb7 60. Qff7+ {[%clk 01:14:11]}
Kb8 {[%clk 00:56:26]} 61. Qf8+ {[%clk 01:14:33]} 1-0

[Event "Deutsche Ländermeisterschaft 2024"]
[Site "Tübingen GER"]
[Date "2024.10.03"]
[Round "1"]
[White "Shevchenko, Igor"]
[Black "Stehning, Toni"]
[Result "1-0"]
[Termination "normal"]
[Board "4.6"]
[WhiteElo "1856"]
[BlackElo "1817"]
[WhiteClock "00:01:32"]
[BlackClock "00:00:41"]
[WhiteTeam "Sachsen-Anhalt"]
[BlackTeam "Hessen"]
[PlyCount "67"]
[WhiteFideId "34634924"]
[BlackFideId "34623477"]
[EventCountry "GER"]
[EventRounds "7"]
[EventType "team-swiss"]
[EventDate "2024.10.02"]

1. d4 {[%clk 01:30:44]} {[%emt 00:00:15]} d5 {[%clk 01:30:54]} {[%emt
00:00:08]} 2. c4 {[%clk 01:30:10]} {[%emt 00:01:04]} e6 {[%clk 01:31:18]}
{[%emt 00:00:05]} 3. Nc3 {[%clk 01:28:27]} {[%emt 00:02:13]} c5 {[%clk
01:31:39]} {[%emt 00:00:09]} 4. cxd5 {[%clk 01:27:05]} {[%emt 00:01:52]} exd5
{[%clk 01:31:57]} {[%emt 00:00:13]} 5. Nf3 {[%clk 01:26:27]} {[%emt 00:01:08]}
Nc6 {[%clk 01:31:48]} {[%emt 00:00:39]} 6. g3 {[%clk 01:17:38]} {[%emt
00:09:18]} Nf6 {[%clk 01:30:15]} {[%emt 00:02:04]} 7. Bg2 {[%clk 01:11:58]}
{[%emt 00:06:10]} Be7 {[%clk 01:28:32]} {[%emt 00:02:13]} 8. O-O {[%clk
01:10:18]} {[%emt 00:02:09]} O-O {[%clk 01:28:19]} {[%emt 00:00:43]} 9. Bg5
{[%clk 00:49:08]} {[%emt 00:21:41]} c4 {[%clk 01:26:39]} {[%emt 00:02:09]} 10.
Re1 {[%clk 00:30:32]} {[%emt 00:19:06]} h6 {[%clk 01:17:57]} {[%emt 00:09:12]}
11. Bxf6 {[%clk 00:23:31]} {[%emt 00:07:30]} Bxf6 {[%clk 01:18:17]} {[%emt
00:00:10]} 12. Qd2 {[%clk 00:20:15]} {[%emt 00:03:46]} Re8 {[%clk 01:00:55]}
{[%emt 00:17:53]} 13. Rad1 {[%clk 00:19:11]} {[%emt 00:01:34]} Bf5 {[%clk
00:56:47]} {[%emt 00:04:37]} 14. a3 {[%clk 00:12:21]} {[%emt 00:07:21]} Be4
{[%clk 00:52:45]} {[%emt 00:04:32]} 15. e3 {[%clk 00:05:38]} {[%emt 00:07:14]}
Qd7 {[%clk 00:37:02]} {[%emt 00:16:13]} 16. h4 {[%clk 00:03:01]} {[%emt
00:03:07]} Rad8 {[%clk 00:36:28]} {[%emt 00:01:04]} 17. Nxe4 {[%clk 00:02:06]}
{[%emt 00:01:25]} dxe4 {[%clk 00:36:37]} {[%emt 00:00:22]} 18. Nh2 {[%clk
00:02:20]} {[%emt 00:00:16]} g5 {[%clk 00:12:23]} {[%emt 00:24:44]} 19. hxg5
{[%clk 00:02:06]} {[%emt 00:00:44]} Bxg5 {[%clk 00:12:39]} {[%emt 00:00:13]}
20. Qe2 {[%clk 00:01:17]} {[%emt 00:01:17]} Qe6 {[%clk 00:12:46]} {[%emt
00:00:25]} 21. Nf1 {[%clk 00:01:08]} {[%emt 00:00:39]} b5 {[%clk 00:10:53]}
{[%emt 00:02:23]} 22. Nd2 {[%clk 00:00:39]} {[%emt 00:00:59]} f5 {[%clk
00:10:16]} {[%emt 00:01:08]} 23. Rc1 {[%clk 00:00:36]} {[%emt 00:00:34]} Qg6
{[%clk 00:09:24]} {[%emt 00:01:20]} 24. Red1 {[%clk 00:00:34]} {[%emt
00:00:32]} Ne7 {[%clk 00:07:36]} {[%emt 00:02:18]} 25. Nb1 {[%clk 00:00:31]}
{[%emt 00:00:33]} Nd5 {[%clk 00:06:34]} {[%emt 00:01:32]} 26. Nc3 {[%clk
00:00:34]} {[%emt 00:00:27]} Nxc3 {[%clk 00:04:58]} {[%emt 00:02:06]} 27. Rxc3
{[%clk 00:00:58]} {[%emt 00:00:07]} Qf7 {[%clk 00:03:37]} {[%emt 00:01:51]} 28.
a4 {[%clk 00:00:53]} {[%emt 00:00:35]} a6 {[%clk 00:03:51]} {[%emt 00:00:16]}
29. Bf1 {[%clk 00:00:48]} {[%emt 00:00:33]} Rc8 {[%clk 00:03:52]} {[%emt
00:00:30]} 30. axb5 axb5 {[%clk 00:04:08]} 31. Rdc1 {[%clk 00:00:52]} {[%emt
00:00:20]} Rc7 {[%clk 00:01:03]} {[%emt 00:03:35]} 32. b3 {[%clk 00:01:00]}
{[%emt 00:00:23]} Rec8 {[%clk 00:00:53]} {[%emt 00:00:39]} 33. bxc4 {[%clk
00:01:21]} {[%emt 00:00:10]} Rxc4 {[%clk 00:00:41]} {[%emt 00:00:42]} 34. Rxc4
{[%clk 00:01:32]} {[%emt 00:00:19]} 1-0

[Event "Deutsche Ländermeisterschaft 2024"]
[Site "Tübingen GER"]
[Date "2024.10.03"]
[Round "1"]
[White "Pubantz, Jan"]
[Black "Chassard, Cedric"]
[Result "1/2-1/2"]
[Termination "normal"]
[Board "6.1"]
[BlackTitle "FM"]
[WhiteElo "2318"]
[BlackElo "2292"]
[WhiteClock "00:02:02"]
[BlackClock "00:17:07"]
[WhiteTeam "Niedersachsen"]
[BlackTeam "Saarland & Friends"]
[PlyCount "109"]
[WhiteFideId "12996114"]
[BlackFideId "16243536"]
[EventCountry "GER"]
[EventRounds "7"]
[EventType "team-swiss"]
[EventDate "2024.10.02"]

1. d4 {[%clk 01:30:57]} {[%emt 00:00:04]} Nf6 {[%clk 01:30:53]} {[%emt
00:00:04]} 2. c4 {[%clk 01:31:23]} {[%emt 00:00:05]} e6 {[%clk 01:31:16]}
{[%emt 00:00:07]} 3. g3 {[%clk 01:31:45]} {[%emt 00:00:08]} d5 {[%clk
01:31:39]} {[%emt 00:00:07]} 4. Nf3 {[%clk 01:32:10]} {[%emt 00:00:05]} Bd6
{[%clk 01:31:18]} {[%emt 00:00:51]} 5. Bg2 {[%clk 01:30:56]} {[%emt 00:01:44]}
O-O {[%clk 01:31:21]} {[%emt 00:00:26]} 6. O-O {[%clk 01:30:50]} {[%emt
00:00:37]} Nc6 {[%clk 01:26:43]} {[%emt 00:05:09]} 7. b3 {[%clk 01:30:58]}
{[%emt 00:00:21]} dxc4 {[%clk 01:25:48]} {[%emt 00:01:25]} 8. bxc4 {[%clk
01:31:19]} {[%emt 00:00:11]} e5 {[%clk 01:26:15]} {[%emt 00:00:02]} 9. c5
{[%clk 01:30:59]} {[%emt 00:00:50]} Be7 {[%clk 01:26:40]} {[%emt 00:00:05]} 10.
dxe5 {[%clk 01:30:31]} {[%emt 00:00:58]} Qxd1 {[%clk 01:27:03]} {[%emt
00:00:07]} 11. Rxd1 {[%clk 01:30:52]} {[%emt 00:00:10]} Ne4 {[%clk 01:27:23]}
{[%emt 00:00:09]} 12. Ba3 {[%clk 01:27:54]} {[%emt 00:03:28]} Bxc5 {[%clk
01:27:48]} {[%emt 00:00:05]} 13. Bxc5 {[%clk 01:23:14]} {[%emt 00:05:10]} Nxc5
{[%clk 01:28:13]} {[%emt 00:00:05]} 14. Nbd2 {[%clk 01:04:19]} {[%emt
00:19:25]} Be6 {[%clk 01:09:09]} {[%emt 00:19:34]} 15. Ng5 {[%clk 00:40:33]}
{[%emt 00:24:16]} Bg4 {[%clk 00:47:23]} {[%emt 00:22:16]} 16. Bxc6 {[%clk
00:33:56]} {[%emt 00:07:07]} bxc6 {[%clk 00:47:48]} {[%emt 00:00:05]} 17. f3
{[%clk 00:34:05]} {[%emt 00:00:21]} Bf5 {[%clk 00:44:09]} {[%emt 00:04:08]} 18.
g4 {[%clk 00:26:58]} {[%emt 00:07:38]} h6 {[%clk 00:24:04]} {[%emt 00:20:35]}
19. Rac1 {[%clk 00:19:26]} {[%emt 00:08:01]} Nd7 {[%clk 00:17:35]} {[%emt
00:06:59]} 20. gxf5 {[%clk 00:18:37]} {[%emt 00:01:19]} hxg5 {[%clk 00:18:01]}
{[%emt 00:00:04]} 21. Nc4 {[%clk 00:18:45]} {[%emt 00:00:22]} Rad8 {[%clk
00:16:48]} {[%emt 00:01:43]} 22. Kf2 {[%clk 00:13:07]} {[%emt 00:06:08]} Rfe8
{[%clk 00:14:28]} {[%emt 00:02:49]} 23. Rd3 {[%clk 00:12:41]} {[%emt 00:00:57]}
Nb6 {[%clk 00:10:10]} {[%emt 00:04:48]} 24. Rxd8 {[%clk 00:11:54]} {[%emt
00:01:17]} Rxd8 {[%clk 00:10:38]} {[%emt 00:00:02]} 25. Na5 {[%clk 00:10:05]}
{[%emt 00:02:19]} Re8 {[%clk 00:06:11]} {[%emt 00:04:57]} 26. Nxc6 {[%clk
00:08:45]} {[%emt 00:01:50]} Nd7 {[%clk 00:05:50]} {[%emt 00:00:51]} 27. e6
{[%clk 00:04:32]} {[%emt 00:04:43]} fxe6 {[%clk 00:05:43]} {[%emt 00:00:37]}
28. fxe6 {[%clk 00:04:40]} {[%emt 00:00:22]} Rxe6 {[%clk 00:05:50]} {[%emt
00:00:23]} 29. Nd4 {[%clk 00:03:31]} {[%emt 00:01:39]} Ra6 {[%clk 00:04:39]}
{[%emt 00:01:40]} 30. Rxc7 {[%clk 00:03:43]} {[%emt 00:00:18]} Nf6 {[%clk
00:04:54]} {[%emt 00:00:15]} 31. Nf5 {[%clk 00:02:45]} {[%emt 00:01:29]} Nh5
{[%clk 00:05:11]} {[%emt 00:00:13]} 32. Rc2 {[%clk 00:02:00]} {[%emt 00:01:15]}
Nf4 {[%clk 00:04:52]} {[%emt 00:00:50]} 33. Rd2 {[%clk 00:01:22]} {[%emt
00:01:08]} Re6 {[%clk 00:03:15]} {[%emt 00:02:06]} 34. e3 {[%clk 00:00:47]}
{[%emt 00:01:05]} Nh5 {[%clk 00:03:17]} {[%emt 00:00:27]} 35. Nd6 {[%clk
00:00:44]} {[%emt 00:00:34]} Nf6 {[%clk 00:01:58]} {[%emt 00:01:49]} 36. h3
{[%clk 00:01:05]} {[%emt 00:00:10]} Re5 {[%clk 00:02:07]} {[%emt 00:00:21]} 37.
Nc4 {[%clk 00:00:42]} {[%emt 00:00:54]} Rc5 {[%clk 00:02:03]} {[%emt 00:00:33]}
38. Rd4 {[%clk 00:01:09]} {[%emt 00:00:03]} Rb5 {[%clk 00:02:00]} {[%emt
00:00:33]} 39. Rd8+ {[%clk 00:00:41]} {[%emt 00:00:58]} Kh7 {[%clk 00:02:20]}
{[%emt 00:00:09]} 40. Rd2 {[%clk 00:00:41]} {[%emt 00:00:30]} Rb1 {[%clk
00:00:41]} {[%emt 00:02:09]} 41. Ne5 {[%clk 00:07:23]} {[%emt 00:23:48]} Rh1
{[%clk 00:29:32]} {[%emt 00:01:39]} 42. Kg2 {[%clk 00:07:26]} {[%emt 00:00:28]}
Re1 {[%clk 00:29:30]} {[%emt 00:00:31]} 43. Kf2 {[%clk 00:04:36]} {[%emt
00:03:21]} Rh1 {[%clk 00:29:50]} {[%emt 00:00:50]} 44. Kg2 {[%clk 00:04:37]}
{[%emt 00:00:06]} Re1 {[%clk 00:30:00]} {[%emt 00:00:03]} 45. Kf2 {[%clk
00:05:45]} {[%emt 00:00:03]} Rh1 {[%clk 00:32:00]} {[%emt 00:00:07]} 1/2-1/2